000
00337nam a2200145Ia 4500
005
20251222144736.0
008
251222s9999||||xx |||||||||||||| ||spa||
020
_a
978-84-277-2036-7
082
_a
153.15/S72
100
_a
Sousa, David A.
245
0
_a
Neurociencia Educativa:
250
_a
1a.ed.
264
_b
Narcea
942
_c
LIB
999
_c
18766
_d
18766